00572cam a22001572 4500001001100000005001700011008004100028040001500069110006100084245007900145250001300224260004200237300001700279610006100296610005700357000002479920151217155916.0140212s xx 000 0 eng d aKABUcKABU2 aKenya.bMinistry of Devolution and Planning.@000018505810aKericho County development profile /cMinistry of Devolution and Planning. a1st ed. aNairobi :bGovernment Printer,c2013. axvi, 133 p.20aKericho County (Kenya)xEconomic conditions.@000018506920aKericho County (Kenya)xEconomic policy.@0000185069